| 000 | 02961cam a22004697i 4500 | ||
|---|---|---|---|
| 999 |
_c10263 _d10263 |
||
| 001 | 20503678 | ||
| 003 | GBCCL | ||
| 005 | 20241126110728.0 | ||
| 008 | 180519t20172017miu b 001 0 eng d | ||
| 010 | _a 2017276938 | ||
| 020 | _a9780310491460 | ||
| 020 | _a0310491460 | ||
| 020 | _z9780310491477 (ebook) | ||
| 020 | _a97800310491460 | ||
| 035 | _a(OCoLC)ocn975364697 | ||
| 040 |
_aBTCTA _beng _cBTCTA _erda _dYDX _dINA _dOCLCF _dISB _dBHA _dDTM _dOCL _dDLC |
||
| 042 | _alccopycat | ||
| 050 | 0 | 0 |
_aBT765 _b.S25 2017 |
| 082 | 0 | 4 |
_a234.8 _223 _bALL |
| 245 | 0 | 0 |
_aSanctification / _cMichael Allen and Scott R. Swain, general editors. |
| 264 | 1 |
_aGrand Rapids, Michigan : _bZondervan, _c[2017] |
|
| 264 | 4 | _c©2017 | |
| 300 |
_a302 pages ; _c23 cm |
||
| 336 |
_atext _btxt _2rdacontent |
||
| 337 |
_aunmediated _bn _2rdamedia |
||
| 338 |
_avolume _bnc _2rdacarrier |
||
| 490 | 1 | _aNew studies in dogmatics | |
| 504 | _aIncludes bibliographical references and indexes. | ||
| 505 | 0 | _aSanctification and the Gospel -- God -- Creation -- Covenant -- Incarnation -- In Christ -- Justification and sanctification -- Grace and nature -- Grace and responsibility -- Grace and discipline. | |
| 520 | _aPublisher's description: The holy has been defined existentially and sociologically, and churches too often allow their expectations regarding holiness to be prompted by existential aspirations or the social mores of the Christian community. Perhaps it is not surprising that many view holiness as accidental or expendable, even as a legalistic and conformist posture opposed to the freedom of the gospel. But sanctification is one of the gifts of the gospel of Jesus Christ, so we must think about the way in which he makes his redeemed holy as a grace. [This book] patiently defines holiness in theological terms by tending to its connections with core Christian doctrines such as the character of God, the nature of creation, and the covenantal shape of life with God. It then considers the ways in which the gospel of Jesus not only prompt us to holy action but provides holiness as one of its blessings. Finally, it attends to the ways in which the gift of sanctification relates to various human instruments and means, so that we can appreciate its connection to human nature, creaturely responsibility, and the pedagogy of exemplars and of law. | ||
| 650 | 0 |
_aSanctification _xChristianity. _92243 |
|
| 650 | 0 |
_aHoliness _xChristianity. _92242 |
|
| 650 | 0 |
_aHoly, The _xChristianity. _917841 |
|
| 650 | 7 |
_aHoliness _xChristianity. _2fast _0(OCoLC)fst01751334 _92242 |
|
| 650 | 7 |
_aSanctification _xChristianity. _2fast _0(OCoLC)fst01752235 _92243 |
|
| 700 | 1 |
_aAllen, Michael, _d1981- _eeditor. _917842 |
|
| 700 | 1 |
_aSwain, Scott R., _eeditor. _917843 |
|
| 830 | 0 |
_aNew studies in dogmatics _916298 |
|
| 906 |
_a7 _bcbc _ccopycat _d2 _encip _f20 _gy-gencatlg |
||
| 942 |
_2ddc _cBK |
||